书目信息 |
| 题名: |
Oracle9i企业管理器详解
|
|
| 作者: | ;飞思科技产品研发中心 编著 | |
| 分册: | ||
| 出版信息: | 北京 电子工业出版社 2002 |
|
| 页数: | 16,366页 | |
| 开本: | 26cm | |
| 丛书名: | 开发专家之Oracle9i | |
| 单 册: | ||
| 中图分类: | F270.7 | |
| 科图分类: | ||
| 主题词: | 关系型数据库--数据库管理系统--应用--企业管理 , CT--S903510--关系型数据库 , CT--S069078--数据库管理系统 , CT--S058305--企业管理 | |
| 电子资源: | ||
| ISBN: | 7-5053-8006-0 | |
| 000 | 01153nam0 2200301 45 | |
| 001 | 002180849 | |
| 005 | 20031219104106.8 | |
| 010 | @a7-5053-8006-0@dCNY35.00 | |
| 100 | @a20021029d2002 em y0chiy0110 ea | |
| 101 | 0 | @achi |
| 102 | @aCN@b110000 | |
| 105 | @ay z 000yy | |
| 106 | @ar | |
| 200 | 1 | @aOracle9i企业管理器详解@9Oracle9i qi ye guan li qi xiang jie@f飞思科技产品研发中心编著 |
| 210 | @a北京@c电子工业出版社@d2002 | |
| 215 | @a16,366页@d26cm | |
| 225 | 2 | @a开发专家之Oracle9i |
| 330 | @a本书概述了Oracle9i Enterprise Manager的主要功能及Oracle9i的一些新增特性,讲述了Oracle9i Enterprise Manager控制台界面的操作、相关工具包及其管理功能,以及Oracle9i的三大系统:作业系统、事件系统和监控系统。 | |
| 461 | 0 | @1001012002061162@1@12001 @a开发专家之Oracle9i |
| 606 | 0 | @a关系型数据库@x数据库管理系统@x应用@x企业管理 |
| 606 | 0 | @2CT@3S903510@a关系型数据库 |
| 606 | 0 | @2CT@3S069078@a数据库管理系统 |
| 606 | 0 | @2CT@3S058305@a企业管理 |
| 610 | 0 | @aOracle9i |
| 690 | @aF270.7@v4 | |
| 711 | 02 | @a飞思科技产品研发中心@9fei si ke ji chan pin yan fa zhong xin@4编著 |
| 801 | @aCN@bTSTC@c20030311 | |
| 905 | @b321181-183@dF270.7@e122@f3 | |
| Oracle9i企业管理器详解/飞思科技产品研发中心编著.-北京:电子工业出版社,2002 |
| 16,366页;26cm.-(开发专家之Oracle9i) |
| ISBN 7-5053-8006-0:CNY35.00 |
| 本书概述了Oracle9i Enterprise Manager的主要功能及Oracle9i的一些新增特性,讲述了Oracle9i Enterprise Manager控制台界面的操作、相关工具包及其管理功能,以及Oracle9i的三大系统:作业系统、事件系统和监控系统。 |
| ● |
| 相关链接 |
|
|
|
|
正题名:Oracle9i企业管理器详解
索取号:F270.7/122
 
预约/预借
| 序号 | 登录号 | 条形码 | 馆藏地/架位号 | 状态 | 备注 |
| 1 | 0321181 | 203211817 | 第一借阅区/ [索取号:F270.7/122] | 在馆 | |
| 2 | 0321182 | 203211826 | 第一借阅区/ [索取号:F270.7/122] | 在馆 | |
| 3 | 0321183 | 203211835 | 第一借阅区/ [索取号:F270.7/122] | 在馆 |